<?xml version="1.0" encoding="UTF-8"?>
<record
    xmlns:xsi="http://www.w3.org/2001/XMLSchema-instance"
    xsi:schemaLocation="http://www.loc.gov/MARC21/slim http://www.loc.gov/standards/marcxml/schema/MARC21slim.xsd"
    xmlns="http://www.loc.gov/MARC21/slim">

  <leader>00660nam a22002057a 4500</leader>
  <controlfield tag="005">20240521155626.0</controlfield>
  <datafield tag="010" ind1=" " ind2=" ">
    <subfield code="a">ENG-140444</subfield>
  </datafield>
  <datafield tag="020" ind1=" " ind2=" ">
    <subfield code="a">9789392568381 (vol.1)</subfield>
    <subfield code="c">8250.00</subfield>
  </datafield>
  <datafield tag="035" ind1=" " ind2=" ">
    <subfield code="a">EN-123976</subfield>
  </datafield>
  <datafield tag="037" ind1=" " ind2=" ">
    <subfield code="b">DBAD</subfield>
  </datafield>
  <datafield tag="082" ind1=" " ind2=" ">
    <subfield code="a">954</subfield>
  </datafield>
  <datafield tag="100" ind1=" " ind2=" ">
    <subfield code="a">Diwan, H.D.</subfield>
    <subfield code="9">66670</subfield>
  </datafield>
  <datafield tag="245" ind1=" " ind2=" ">
    <subfield code="a">Researches In Nine Ancient Hindu Forts Of India/</subfield>
    <subfield code="c">by H.D. Diwan</subfield>
  </datafield>
  <datafield tag="250" ind1=" " ind2=" ">
    <subfield code="a">1</subfield>
  </datafield>
  <datafield tag="260" ind1=" " ind2=" ">
    <subfield code="a">Chhattisgarh</subfield>
    <subfield code="b">Aditi Publication</subfield>
    <subfield code="c">2023</subfield>
  </datafield>
  <datafield tag="270" ind1=" " ind2=" ">
    <subfield code="a">Opp. New Panchajanya Vidya Mandir, Near Tiranga Chowk, Kushalpur, Raipur</subfield>
    <subfield code="b">Chhattisgarh</subfield>
    <subfield code="k">9425210308</subfield>
  </datafield>
  <datafield tag="300" ind1=" " ind2=" ">
    <subfield code="a">238 ,viii p.</subfield>
    <subfield code="c">20cm, (pb}</subfield>
  </datafield>
  <datafield tag="700" ind1=" " ind2=" ">
    <subfield code="a">Diwan, H.D.</subfield>
    <subfield code="9">66297</subfield>
  </datafield>
  <datafield tag="942" ind1=" " ind2=" ">
    <subfield code="2">ddc</subfield>
    <subfield code="c">EN</subfield>
    <subfield code="h">954</subfield>
    <subfield code="m">DIW</subfield>
  </datafield>
  <datafield tag="999" ind1=" " ind2=" ">
    <subfield code="c">203126</subfield>
    <subfield code="d">203126</subfield>
  </datafield>
  <datafield tag="952" ind1=" " ind2=" ">
    <subfield code="0">0</subfield>
    <subfield code="1">0</subfield>
    <subfield code="4">0</subfield>
    <subfield code="7">1</subfield>
    <subfield code="8">REF</subfield>
    <subfield code="a">AV</subfield>
    <subfield code="b">AV</subfield>
    <subfield code="d">2024-05-21</subfield>
    <subfield code="e">DBAD</subfield>
    <subfield code="g">8250.00</subfield>
    <subfield code="l">0</subfield>
    <subfield code="o">954 DIW</subfield>
    <subfield code="p">EN-123976</subfield>
    <subfield code="r">2024-05-21 00:00:00</subfield>
    <subfield code="t">1</subfield>
    <subfield code="v">8250.00</subfield>
    <subfield code="w">2024-05-21</subfield>
    <subfield code="y">EN</subfield>
  </datafield>
</record>
